Statistics for Fast Typing to 100 - in Order

Click here to take the quiz!

General Stats

  • This quiz has been taken 642 times
  • The average score is 82 of 100

Answer Stats

% Correct
1
99%
2
99%
3
99%
4
98%
5
98%
6
98%
7
98%
10
97%
11
97%
13
97%
8
97%
9
97%
12
96%
14
96%
15
96%
16
96%
17
96%
18
96%
19
96%
23
96%
20
95%
21
95%
22
95%
24
95%
25
95%
26
95%
27
95%
28
94%
29
94%
30
94%
31
93%
32
93%
33
93%
34
93%
35
93%
36
92%
37
92%
38
92%
39
92%
40
91%
41
91%
42
91%
43
90%
44
90%
45
90%
46
90%
47
89%
49
89%
48
88%
50
87%
51
86%
52
86%
53
86%
54
85%
55
84%
56
84%
57
83%
58
83%
59
83%
60
81%
61
81%
62
80%
63
80%
64
80%
65
79%
66
78%
67
77%
68
76%
69
76%
70
74%
71
73%
72
73%
73
73%
74
72%
75
72%
76
71%
77
70%
78
69%
79
68%
80
66%
81
65%
82
65%
83
64%
84
62%
85
62%
86
61%
87
60%
88
59%
89
58%
90
57%
91
56%
92
56%
93
56%
94
55%
95
54%
96
52%
97
52%
98
51%
99
51%
100
49%

Score Distribution

Percentile by Number Answered

Percent of People with Each Score

Your Score History

You have not taken this quiz